<?xml version="1.0" encoding="UTF-8"?><?xml-stylesheet type="text/xsl" href="static/style.xsl"?><OAI-PMH xmlns="http://www.openarchives.org/OAI/2.0/" xmlns:xsi="http://www.w3.org/2001/XMLSchema-instance" xsi:schemaLocation="http://www.openarchives.org/OAI/2.0/ http://www.openarchives.org/OAI/2.0/OAI-PMH.xsd"><responseDate>2026-06-01T12:19:30Z</responseDate><request verb="GetRecord" identifier="oai:riuma.uma.es:10630/28318" metadataPrefix="marc">https://riuma.uma.es/rest/oai/request</request><GetRecord><record><header><identifier>oai:riuma.uma.es:10630/28318</identifier><datestamp>2026-02-03T12:37:39Z</datestamp><setSpec>com_10630_2254</setSpec><setSpec>col_10630_37957</setSpec></header><metadata><record xmlns="http://www.loc.gov/MARC21/slim" xmlns:dcterms="http://purl.org/dc/terms/" xmlns:doc="http://www.lyncode.com/xoai" xmlns:xsi="http://www.w3.org/2001/XMLSchema-instance" xsi:schemaLocation="http://www.loc.gov/MARC21/slim http://www.loc.gov/standards/marcxml/schema/MARC21slim.xsd">
   <leader>00925njm 22002777a 4500</leader>
   <datafield ind2=" " ind1=" " tag="042">
      <subfield code="a">dc</subfield>
   </datafield>
   <datafield ind2=" " ind1=" " tag="720">
      <subfield code="a">Hueso-Vasallo, Manuel</subfield>
      <subfield code="e">author</subfield>
   </datafield>
   <datafield ind2=" " ind1=" " tag="260">
      <subfield code="c">2023</subfield>
   </datafield>
   <datafield ind2=" " ind1=" " tag="520">
      <subfield code="a">This PhD thesis aims to explore the concept of the “queer body” as a historiographical tool through which to understand the literary and cultural genealogy of same-sex desire between men. To achieve this aim, the thesis focuses on theories by eminent scholars of Queer Studies and of Victorian Studies. The work of Sara Ahmed Queer Phenomenology (2006) is especially relevant since it provides the theoretical framework through which the author manages to represent the “queer body” as a representational tool employed by certain Victorian authors in order to re-orientate their readers towards a queer reality that was, for the most part, hidden during the nineteenth-century. The thesis also considers how these authors used past representation of the body in literary and cultural texts from Ancient Greece and the Renaissance to create an idea of the “queer body” that was both disruptive and a key element to represent their own dissident desires. Some works by Henry James – Roderick Hudson (1875) and The Princess Casamassima (1886) – and Oscar Wilde – “Charmides” (1881) and The Portrait of Mr. W.H. (1889-1921) – are specifically considered to demonstrate how the “queer body” effectively becomes a re-orientating device. Furthermore, the thesis positions these authors’ texts as the cornerstone of twentieth-century and contemporary male queer representation through a Coda in which the evolution of the “queer body” is briefly explored, thus opening a new venue of enquiry for future researchers interested in the topic.</subfield>
   </datafield>
   <datafield ind1="8" ind2=" " tag="024">
      <subfield code="a">https://hdl.handle.net/10630/28318</subfield>
   </datafield>
   <datafield tag="653" ind2=" " ind1=" ">
      <subfield code="a">Identidad sexual</subfield>
   </datafield>
   <datafield tag="653" ind2=" " ind1=" ">
      <subfield code="a">James, Henry (1843-1916) - Crítica e interpretación</subfield>
   </datafield>
   <datafield tag="653" ind2=" " ind1=" ">
      <subfield code="a">Wilde, Oscar (1854-1900) - Crítica e interpretación</subfield>
   </datafield>
   <datafield ind2="0" ind1="0" tag="245">
      <subfield code="a">Queer Bodies: A (Re)Orientation to Henry James, Oscar Wilde and the Genealogy of Same-Sex Desire</subfield>
   </datafield>
</record>
</metadata></record></GetRecord></OAI-PMH>